000
00293nam a22001337a 4500
008
260218b ||||| |||| 00| 0 eng d
020
_a
9951051049
041
_a
Shqip
080
_a
2.1
100
_a
20.1
101
_a
roman
245
_a
Poiesis e Praxis
_c
Ramush Mavriqi
942
_2
lcc
_c
BK
999
_c
60818
_d
60818